| 000 | 00899nam a2200289 a 4500 | ||
|---|---|---|---|
| 005 | 20241011063822.0 | ||
| 008 | 091014s2006 mx r 000 0 spa d | ||
| 020 | _a8421691023 | ||
| 035 | _aUPN01000173170 | ||
| 040 |
_aUPN _bspa _cUPN |
||
| 041 |
_aspa _heng |
||
| 050 | 4 |
_aPZ7 _bR84 2006 |
|
| 100 | 1 |
_aRubalcaba, Jill _954020 |
|
| 240 | 1 | 0 |
_aA place in the sun. _lEspañol |
| 245 | 1 | 3 | _aUn lugar en el sol |
| 250 | _aCuarta edición | ||
| 260 |
_aMadrid : _bEditorial Bruño, _c2006. |
||
| 300 |
_a137 páginas : _bilustraciones |
||
| 490 | 0 |
_aAlta mar. Novela histórica ; _v142 |
|
| 534 |
_pTraducción de: _tA place in the sun |
||
| 650 | 7 |
_aLiteratura infantil estadounidense _99173 |
|
| 651 | 0 |
_aEgipto _vLiteratura infantil _912984 |
|
| 651 | 4 |
_aEgipto _xCivilización _yHasta 332 a.C. _vNovela _913688 |
|
| 902 | _bMaríaRobles/101024 | ||
| 905 | _aLibro | ||
| 942 |
_2lcc _cLIBRO _n0 |
||
| 999 |
_c145274 _d145274 |
||